000 00948nam a2200217Ia 4500
001 14755
005 20260311163710.0
008 260306t2012||||xx |||||||||||||| ||spa||
041 _aESP
082 _a519.2
_bD64 2012
100 _aDevore, Jay L.
_eAUT
245 0 _aProbabilidad y estadística para ingeniería y ciencias
260 _c2012
300 _axvi, 687 páginas :
_c27 cm.
650 _aGEN
654 _aCMA
856 _uhttps://itmsp.museknowledge.com/UCSP?url=https://www.ebooks7-24.com:443/?il=9439&pg=1
_zIntroducción a la probabilidad y estadística para ingeniería y ciencias, por Jay Devore. Versión digital
856 _uhttps://0u213s3ms-y-https-ebooks7--24-com.itmsp.museknowledge.com/biblioteca.aspx
_zVéase además: Base de datos Ebook7-24
856 _uhttps://0u20fs3nu-y-https-research-ebsco-com.itmsp.museknowledge.com/c/qxo6us/search
_zVéase además: Base de datos EBSCOhost
942 _cLIB
_dJUS
_fJUS
_2ddc
999 _c14755
_d14755